Music Quiz

Random Music or Song Quiz

Which 'M' Band? Quiz Stats

 Plays Quiz not verified by Sporcle

Score 0/20 Timer 05:00
0 Plays Today
Question Answer Wrong Answers
Moves Like Jagger Maroon 5
87.5%
Metallica
2.4%
The Monkees
3.4%
My Chemical Romance
2%
Welcome to the Black Parade My Chemical Romance
81.8%
Maroon 5
4.7%
Metallica
7.4%
The Monkees
2%
Enter Sandman Metallica
81.8%
Maroon 5
4.1%
The Monkees
8.1%
My Chemical Romance
1%
Fade to Black Metallica
78.7%
Maroon 5
4.1%
The Monkees
6.4%
My Chemical Romance
7.4%
Master of Puppets Metallica
77.4%
Maroon 5
6.1%
The Monkees
8.8%
My Chemical Romance
2%
Helena My Chemical Romance
76.4%
Maroon 5
8.1%
Metallica
3.4%
The Monkees
7.4%
Teenagers My Chemical Romance
75.3%
Maroon 5
9.1%
Metallica
3.4%
The Monkees
6.4%
The Ghost of You My Chemical Romance
75%
Maroon 5
6.1%
Metallica
9.1%
The Monkees
5.1%
She Will Be Loved Maroon 5
73.6%
Metallica
3.7%
The Monkees
10.1%
My Chemical Romance
8.1%
Seek & Destroy Metallica
73.6%
Maroon 5
5.4%
The Monkees
9.8%
My Chemical Romance
6.4%
This Love Maroon 5
72.3%
Metallica
5.7%
The Monkees
8.8%
My Chemical Romance
6.8%
Daydream Believer The Monkees
71.3%
Maroon 5
9.8%
Metallica
9.8%
My Chemical Romance
4.4%
Nothing Else Matters Metallica
70.9%
Maroon 5
10.8%
The Monkees
9.8%
My Chemical Romance
3.4%
I'm a Believer The Monkees
69.9%
Maroon 5
14.5%
Metallica
8.1%
My Chemical Romance
2%
I Don't Love You My Chemical Romance
68.6%
Maroon 5
16.9%
Metallica
3.7%
The Monkees
5.4%
Last Train to Clarksville The Monkees
67.2%
Maroon 5
9.8%
Metallica
11.8%
My Chemical Romance
5.7%
Pleasant Valley Sunday The Monkees
62.5%
Maroon 5
9.8%
Metallica
14.5%
My Chemical Romance
8.4%
Don't Wanna Know Maroon 5
53.7%
Metallica
10.1%
The Monkees
16.6%
My Chemical Romance
14.2%
Steppin' Stone The Monkees
53%
Maroon 5
11.5%
Metallica
22%
My Chemical Romance
8.1%
Misery Maroon 5
38.2%
Metallica
26%
The Monkees
11.8%
My Chemical Romance
19.3%

You're not logged in!

Compare scores with friends on all Sporcle quizzes.
OR
Log In

Show Comments

Extras

Top Quizzes Today


Score Distribution

Your Account Isn't Verified!

In order to create a playlist on Sporcle, you need to verify the email address you used during registration. Go to your Sporcle Settings to finish the process.

Report this User

Report this user for behavior that violates our Community Guidelines.

Details: